00233nam a22000977a 4500003000400000082001400004100002600018245005700044260002600101300000800127SGT a070bM89P aPEARCE, ROBERT ROUIRE aMEMOIRS AND CORRESPONDENCE OF THE MOST NOBLE RICHARD bS.S. PUBLISHERSc1989 a460